Catálogo
 En Linea
Vista normal Vista MARC

Entrada Nombre personal

Número de registros utilizados en: 1

001 - NÚMERO DE CONTROL

  • campo de control: 60038

003 - IDENTIFICADOR DEL NÚMERO DE CONTROL

  • campo de control: BNPHU

005 - FECHA Y HORA DE LA ÚLTIMA TRANSACCIÓN

  • campo de control: 20240830200501.0

008 - DATOS DE LONGITUD FIJA

  • campo de control de longitud fija: 200615|| aca||aabn | a|a d

010 ## - NÚMERO DE CONTROL DE LA BIBLIOTECA DEL CONGRESO

  • Número de control de LC: no 99090677

040 ## - FUENTE DE LA CATALOGACIÓN

  • Centro catalogador/agencia de origen: DO-SdNP
  • Lengua de catalogación: spa
  • Centro/agencia transcriptor: BNPHU
  • Normas de descripción: RDA

100 1# - ENCABEZAMIENTO-NOMBRE DE PERSONA

  • Nombre de persona: Ghio D., Augusto |
  • Forma completa/desarrollada del nombre: (Ghio Dell’Oro)

400 1# - TRAZADO DE VÉASE--NOMBRE DE PERSONA

  • Nombre de persona: Ghio D., A.
  • Forma completa/desarrollada del nombre: (Augusto Ghio Dell’Oro)

400 1# - TRAZADO DE VÉASE--NOMBRE DE PERSONA

  • Nombre de persona: Ghio, Augusto

400 1# - TRAZADO DE VÉASE--NOMBRE DE PERSONA

  • Nombre de persona: Ghio Dell’Oro, Augusto

400 1# - TRAZADO DE VÉASE--NOMBRE DE PERSONA

  • Nombre de persona: Dell’Oro, Augusto Ghio

670 ## - FUENTE DE DATOS ENCONTRADOS

  • Cita de la fuente: Work cat.: (OSt)34090: Ghio D., A., Inglés Básico /, 2003.
  • Identificador Uniforme del Recurso: https://authorities.loc.gov/cgi-bin/Pwebrecon.cgi?AuthRecID=5003392&v1=1&HC=1&SEQ=20240830181350&PID=o1yNFJ6gs5yGY1Kh72AwxtqzNlQgm Consultado en 30 de agosto, 2024

Con tecnología Koha